Communication research in Africa : (رقم التسجيلة. 160365)

تفاصيل مارك
000 -LEADER
fixed length control field 01013cam a2200301 a 4500
008 - FIXED-LENGTH DATA ELEMENTS--GENERAL INFORMATION
fixed length control field 211006s1992 ke bf 001 0 eng d
010 ## - LIBRARY OF CONGRESS CONTROL NUMBER
LC control number 92982565
020 ## - INTERNATIONAL STANDARD BOOK NUMBER
International Standard Book Number 9966450246
040 ## - CATALOGING SOURCE
Original cataloging agency DLC
Transcribing agency DLC
-- EG-GiCUC
043 ## - GEOGRAPHIC AREA CODE
Geographic area code f------
050 ## - LIBRARY OF CONGRESS CALL NUMBER
Classification number P91.5.A35
Item number C66 1992
092 04 - LOCALLY ASSIGNED DEWEY CALL NUMBER (OCLC)
Classification number 302.2072
Item number C73468
Edition number 21
099 ## - LOCAL FREE-TEXT CALL NUMBER (OCLC)
Classification number 04
-- 302.2072 C73468
245 00 - TITLE STATEMENT
Title Communication research in Africa :
Remainder of title issues and perspectives /
Statement of responsibility, etc. edited by S.T. Kwame Boafo, Nancy A. George.
260 ## - PUBLICATION, DISTRIBUTION, ETC.
Place of publication, distribution, etc. Nairobi, Kenya :
Name of publisher, distributor, etc. ACCE,
Date of publication, distribution, etc. 1992.
300 ## - PHYSICAL DESCRIPTION
Extent xi, 161 p. ;
Dimensions 21 cm.
504 ## - BIBLIOGRAPHY, ETC. NOTE
Bibliography, etc. note Includes bibliographical references and index.
650 #0 - SUBJECT ADDED ENTRY--TOPICAL TERM
Topical term or geographic name entry element Communication
General subdivision Research
650 #0 - SUBJECT ADDED ENTRY--TOPICAL TERM
Topical term or geographic name entry element Communication
General subdivision Research
Geographic subdivision Africa.
700 1# - ADDED ENTRY--PERSONAL NAME
Personal name Boafo, S. T. Kwame.
700 1# - ADDED ENTRY--PERSONAL NAME
Personal name George, Nancy A.
Fuller form of name (Nancy Ann)
710 2# - ADDED ENTRY--CORPORATE NAME
Corporate name or jurisdiction name as entry element African Council on Communication Education.
902 ## - LOCAL DATA ELEMENT B, LDB (RLIN)
No. of Items 1
905 ## - LOCAL DATA ELEMENT E, LDE (RLIN)
Cataloger Ghada
Reviser Rev.
905 ## - LOCAL DATA ELEMENT E, LDE (RLIN)
Cataloger hanan
Reviser cat.
942 ## - ADDED ENTRY ELEMENTS (KOHA)
Source of classification or shelving scheme Dewey Decimal Classification
Koha item type Books
المقتنيات
Source of classification or shelving scheme Not for loan Home library Current library Date acquired Full call number Barcode Date last seen Copy number Koha item type
Dewey Decimal Classification   المكتبة المركزبة الجديدة - جامعة القاهرة قاعة المكتبات المهداة - الدور الرابع 11.02.2024 302.2072 C73468 A.A. 01000110205821000 23.06.2024 C.1 Books
Cairo University Libraries Portal Implemented & Customized by: Eng. M. Mohamady Contacts: new-lib@cl.cu.edu.eg | cnul@cl.cu.edu.eg
CUCL logo CNUL logo
© All rights reserved — Cairo University Libraries
CUCL logo
Implemented & Customized by: Eng. M. Mohamady Contact: new-lib@cl.cu.edu.eg © All rights reserved — New Central Library
CNUL logo
Implemented & Customized by: Eng. M. Mohamady Contact: cnul@cl.cu.edu.eg © All rights reserved — Cairo National University Library